000 006640000a22001810004500
003 MACL
005 20160507153319.0
008 160507b xxu||||| |||| 00| 0 eng d
040 _aMACL
_cMACL
041 _aHindi
082 _a800
100 _aशास्‍त्री, विष्‍णुकान्‍त
_955605
245 _aसुधियॉ उस चन्‍दन के वन की
_cविष्‍णुकान्‍त शास्‍त्री
260 _bभारतीय साहित्‍य प्रकाशन
_c2002
_aमेरठ
350 _a150
650 _aLiterature
_955606
942 _cHIN
_k800/SHA/L
_2ddc
999 _c17839
_d17839